A Dynamic Model of Buy-Backs.

A dynamic framework is utilized to evaluate buy-backs of a country's external debt. The model solves for the price of debt on the basis of expectations concerning the debtor's ability to pay, and upon a variety of assumptions concerning changes in property rights consistent with various de...

詳細記述

書誌詳細
団体著者: International Monetary Fund
フォーマット: 雑誌
言語:English
出版事項: Washington, D.C. : International Monetary Fund, 1989.
シリーズ:IMF Working Papers; Working Paper ; No. 1989/056
オンライン・アクセス:Full text available on IMF
LEADER 01456cas a2200241 a 4500
001 AALejournalIMF010079
008 230101c9999 xx r poo 0 0eng d
020 |c 5.00 USD 
020 |z 9781451967999 
022 |a 1018-5941 
040 |a BD-DhAAL  |c BD-DhAAL 
110 2 |a International Monetary Fund. 
245 1 2 |a A Dynamic Model of Buy-Backs. 
264 1 |a Washington, D.C. :  |b International Monetary Fund,  |c 1989. 
300 |a 1 online resource (24 pages) 
490 1 |a IMF Working Papers 
500 |a <strong>Off-Campus Access:</strong> No User ID or Password Required 
500 |a <strong>On-Campus Access:</strong> No User ID or Password Required 
506 |a Electronic access restricted to authorized BRAC University faculty, staff and students 
520 3 |a A dynamic framework is utilized to evaluate buy-backs of a country's external debt. The model solves for the price of debt on the basis of expectations concerning the debtor's ability to pay, and upon a variety of assumptions concerning changes in property rights consistent with various debt reduction programs. The importance of these assumptions is illustrated in simulations that relate debt reduction to a conventional balance of payments projection. 
538 |a Mode of access: Internet 
830 0 |a IMF Working Papers; Working Paper ;  |v No. 1989/056 
856 4 0 |z Full text available on IMF  |u http://elibrary.imf.org/view/journals/001/1989/056/001.1989.issue-056-en.xml  |z IMF e-Library